000
00303nam a22001337a 4500
008
170623b xxu||||| |||| 00| 0 eng d
020
_a
9780521368988
041
_a
eng
080
_a
93
100
_a
21
101
_a
SHH
245
_a
LATIN AMERICA ECONOMY AND SECURITY
_c
BETHELL, L
942
_2
udc
_c
BK
999
_c
19060
_d
19060